000 00628nac a22001931u 4500
010 _a 2005045847
020 _a0131481908
082 0 0 _a621.815
_bNOR
090 _c8588
_d8588
100 _aNorton, Robert L.
245 1 0 _aMachine design : an integrated approach /
_ban integrated approach /
_cRobert L. Norton.
250 _a3rd ed.
260 _aUpper Saddle River, NJ :
_bPrentice Hall,2005
_c2005.
300 _a983p.:
_bill. (some col.);
_c24 cm.
500 _adistributer: Al-Ahram
511 _acatalogued by: wessam
650 0 _aMachine design.
942 _cNB
_k621.815NOR
999 _c8588
_d8588